Les 10 joueurs élus le plus de fois meilleurs passeurs en championnat. - Statistiques

Statistiques générales
  • Ce quiz a été pris 222 fois
  • Le résultat moyen est 6 sur 10
Statistiques - réponses
Titres de
meilleurs
passeurs
Joueurs Championnats % Correct
7 Lionel Messi Liga10/11-14/15-15/16-17/18-18/19-19/20
Ligue 1
22/23
100%
4 Thomas Muller Bundesliga17/18-19/20-20/21-21/22
85%
5 Kevin De Bruyne Bundesliga14/15
Premier League
16/17-17/18-19/20-22/23
84%
3 Angel Di Maria Liga13/14
Ligue 1
15/16-19/20
61%
3 Mesut Ozil Bundesliga09/10
Liga 11/12
Premier League
15/16
58%
3 Luis Suarez Liga15/16-16/17-17/18
51%
3 Zinedine Zidane Serie A00/01
Liga 02/03-03/04
50%
3 Frank Lampard Premier League04/05-08/09-09/10
46%
4 Ronaldinho Ligue 101/02
Liga 04/05-05/06 Serie A
09/10
38%
3 Cesc Fabregas 3 Premier League06/07-07/08-14/15
21%
Aucun quiz correspondant
Distribution des résultats
% des personnes avec chaque résultat
Percentile par nombre de réponses
Votre historique - résultats
Vous n’avez pas pris ce quiz